| 000 | 00847nam a2200229 a 4500 | ||
|---|---|---|---|
| 005 | 20240228064136.0 | ||
| 008 | 140619s2006 mx r 000 0 spa d | ||
| 020 | _a9703704883 | ||
| 035 | _aUPN01000198112 | ||
| 049 | _aI | ||
| 050 | 4 |
_aRB151 _bZ4.6 |
|
| 100 | 1 |
_aZiefert, Harriet, _d1941- _935282 |
|
| 245 | 1 | 0 |
_aNo puedes llevar tu cuerpo a reparar a un taller mécanico : _bun libro sobre las causas de algunas efermedades / _cHarriet Ziefert, Fred M. Ehrlich ; il. Amanda Haley ; tr. Adriana de la Torre Fernández. |
| 260 |
_aMéxico : _bDestino, _c2006. |
||
| 300 |
_a[32] p. : _bil. col. |
||
| 534 |
_pTítulo original: _tYou can't take your body to a repair shop |
||
| 650 | 2 |
_aEnfermedades _921188 |
|
| 650 | 4 |
_aLibros y lectura para niños _92290 |
|
| 700 | 1 |
_aEhrlich, Fred M., _ecoaut. |
|
| 905 | _aInfantil | ||
| 999 |
_c170213 _d170213 |
||